000 00941cam a22002531i 4500
001 2165903
003 EG-ScBUE
005 20250812094534.0
008 720107s1960 nyua f 001 0 eng
040 _aEG-ScBUE
_beng
_erda
_cEG-ScBUE
_dEG-ScBUE
082 0 4 _a545
_222
_bLAI
100 1 _aLaitinen, Herbert A.
_q(Herbert August),
_d1915-
_98461
_eauthor.
245 1 0 _aChemical analysis :
_ban advanced text and reference /
_cHerbert A. Laitinen, professor of analytical chemistry, University of Illinois.
264 1 _aNew York :
_cMcGraw-Hill Book Company, Inc.,
_b1960.
300 _axiv, 611 pages :
_billustrations ;
_c24 cm.
336 _2rdacontent
_atext
_btxt
337 _aunmediated
_2rdamedia
_bn
338 _avolume
_bnc
_2rdacarrier
490 0 _aMcGraw-Hill series in advanced chemistry
500 _aIncludes index.
650 7 _aChemistry, Analytic
_xQuantitative.
_98462
_2BUEsh
655 _vReading book
942 _2ddc
_cBB
999 _c12591
_d12591